Cómo subcontratar / (Record no. 177681)

MARC details
000 -LEADER
campo de control de longitud fija 00749nam a2200241 i 4500
001 - NÚMERO DE CONTROL
campo de control 177681
003 - IDENTIFICADOR DE NÚMERO DE CONTROL
campo de control ES-MaACL
005 - FECHA Y HORA DE LA ÚLTIMA TRANSACCIÓN
campo de control 20230906220403.0
008 - DATOS DE LONGITUD FIJA--INFORMACIÓN GENERAL
campo de control de longitud fija 110412s1985 sp |||| | spa d
020 ## - NÚMERO INTERNACIONAL ESTÁNDAR DEL LIBRO
Número Internacional Estándar del Libro 84-505-2639-6
080 ## - NÚMERO DE LA CLASIFICACIÓN DECIMAL UNIVERSAL
Número de la Clasificación Decimal Universal 347.5(035)
100 1# - ENTRADA PRINCIPAL--NOMBRE DE PERSONA
Nombre de persona Pellicer Ibran, Pere.
9 (RLIN) 146120
245 10 - MENCIÓN DEL TÍTULO
Título Cómo subcontratar /
Mención de responsabilidad, etc. Pere Pellicer, Joaquim Solà.
260 ## - PUBLICACIÓN, DISTRIBUCIÓN, ETC.
Lugar de publicación, distribución, etc. Madrid :
Nombre del editor, distribuidor, etc. Instituto de la Pequeña y Mediana Empresa Industrial,
Fecha de publicación, distribución, etc. [1985]
300 ## - DESCRIPCIÓN FÍSICA
Extensión 83 p. ;
Dimensiones 21 cm.
490 1# - MENCIÓN DE SERIE
Mención de serie Manuales IMPI ;
Designación de volumen o secuencia 11
504 ## - NOTA DE BIBLIOGRAFÍA, ETC.
Nota de bibliografía, etc. Bibliografía: p. 82.
650 14 - PUNTO DE ACCESO ADICIONAL DE MATERIA--TÉRMINO DE MATERIA
Término de materia o nombre geográfico como elemento de entrada Subcontratación.
9 (RLIN) 146122
700 1# - ENTRADA AGREGADA--NOMBRE PERSONAL
Nombre de persona Solà, Joaquim.
9 (RLIN) 146121
830 0# - PUNTO DE ACCESO ADICIONAL DE SERIE-TÍTULO UNIFORME
Título uniforme Manuales IMPI ;
Designación de volumen o secuencia 11
9 (RLIN) 190542
852 ## - LOCALIZACIÓN
Ubicación ES-MaACL
Número de control de estantería E-14878
Encuadernación Olim P-518
Holdings
Estatus retirado Estado de pérdida Estado de daño No para préstamo Biblioteca de origen Biblioteca actual Ubicación en estantería Fecha de adquisición Fuente de adquisición Total de préstamos Signatura topográfica completa Código de barras Visto por última vez Precio de reemplazo Tipo de ítem Koha
        Biblioteca del Ateneo de Madrid Biblioteca del Ateneo de Madrid Depósito 2 12/04/2011     E-14878 1186631 23/02/2023 23/02/2023 Libro impreso